Urban local governance with special reference to Tirupattur municipality (Record no. 492036)

000 -LEADER
fixed length control field 00609cam a22001577a 4500
008 - FIXED-LENGTH DATA ELEMENTS--GENERAL INFORMATION
fixed length control field 180718b2002 xxu||||| |||| 00| 0 eng d
082 ## - DEWEY DECIMAL CLASSIFICATION NUMBER
Classification number PROJ.REP. 2002/PAD
100 ## - MAIN ENTRY--PERSONAL NAME
Personal name Padmanabhan, K.
245 ## - TITLE STATEMENT
Title Urban local governance with special reference to Tirupattur municipality
Statement of responsibility, etc. by K. Padmanabhan
260 ## - PUBLICATION, DISTRIBUTION, ETC.
Place of publication, distribution, etc. Tirupattur
Name of publisher, distributor, etc. Indian Institute of Public Administration
Date of publication, distribution, etc. 2002
300 ## - PHYSICAL DESCRIPTION
Extent 139p.
500 ## - GENERAL NOTE
General note Project report submitted to the Indian Institute of Public Administration, New Delhi
650 ## - SUBJECT ADDED ENTRY--TOPICAL TERM
Topical term or geographic name entry element Governance - India
650 ## - SUBJECT ADDED ENTRY--TOPICAL TERM
Topical term or geographic name entry element Urbanization - India
650 ## - SUBJECT ADDED ENTRY--TOPICAL TERM
Topical term or geographic name entry element Local government - India - Tirupattar
Holdings
Withdrawn status Lost status Damaged status Not for loan Permanent Location Current Location Date acquired Full call number Barcode Date last seen Price effective from Koha item type
        Indian Institute of Public Administration Indian Institute of Public Administration 2018-08-04 PROJ.REP. 2002/PAD GR15898 2018-08-04 2018-08-04 GR
        Indian Institute of Public Administration Indian Institute of Public Administration 2018-08-04 PROJ.REP. 2002/PAD GR15897 2018-08-04 2018-08-04 GR

Powered by Koha